|
|
|
|
| LEADER |
00000nab a2200000 a 4500 |
| 001 |
vtls000126789 |
| 003 |
SK-MaSNL |
| 005 |
20260304235932.0 |
| 008 |
111104c1982 xo 0 slo |
| 015 |
|
|
|a SNBRB19rr/mm-uuuuu
|
| 035 |
|
|
|a CL0136894
|
| 040 |
|
|
|a SNKBUCL
|b slo
|c SNKBUCL
|e AACR2
|
| 041 |
0 |
|
|a slo
|
| 044 |
|
|
|a xo
|c SK
|
| 080 |
|
|
|a 622
|2 1981
|
| 080 |
|
|
|a 620.9
|2 1981
|
| 100 |
1 |
|
|a Cmarko, Miroslav
|4 aut
|9 1289559
|
| 245 |
1 |
0 |
|a Starostlivo hospodárme s plodmi svojej práce
|c Miroslav Cmarko, Ján Kret, Štefan Harmat
|
| 650 |
0 |
7 |
|a baníci
|2 snkbucl
|9 29899
|
| 650 |
0 |
7 |
|a energetici
|2 snkbucl
|9 30170
|
| 650 |
0 |
7 |
|a Deň baníkov a energetikov
|2 snkbucl
|9 929420
|
| 655 |
|
7 |
|a články z novín a časopisov
|2 snkbucl
|9 267496
|
| 700 |
1 |
|
|a Kret, Ján
|4 aut
|9 622574
|
| 700 |
1 |
|
|a Harmat, Štefan
|4 aut
|9 1573955
|
| 773 |
0 |
|
|t Pravda
|g Roč. 63, č. 214 (9. 9. 1982), s. 1
|
| 850 |
|
|
|a Slovenská národná knižnica v Martine
|a MTA001
|
| 852 |
|
|
|a SNK
|b KIS3GCP
|
| 958 |
|
|
|a RK
|
| 992 |
|
|
|a RBX
|
| 999 |
|
|
|c 3211348
|d 3213278
|